| 000 | 00355nam a22001457a 4500 | ||
|---|---|---|---|
| 020 | _qHB. | ||
| 040 | _cFIZZA ISHAQ | ||
| 082 |
_a6900.286 _bCHA |
||
| 100 |
_aKIBERT, CHARLESJ. _986399 |
||
| 245 |
_aSUSTAINABLE CONSTRUCTION / _cCHARLESJ KIBERT. |
||
| 250 | _a4th ED. | ||
| 260 |
_aCANADA : _bJHON WILEY, _c2016. |
||
| 300 | _a583 P. ; | ||
| 942 |
_2ddc _cBK |
||
| 999 |
_c587304 _d587304 |
||